000 00367nam a2200133Ia 4500
008 151001s9999||||xx |||||||||||||| ||und||
100 _aअरुण शेवते
245 _aहाती ज्यांच्या शून्य होते
250 _a2
260 _bऋतुरंग
260 _c2005
300 _a232
365 _b21
999 _c985324
_d985321